Mluvíme česky, slovensky, rusky, polsky, bulharsky, srbochorvátsky, maďarsky, rumunsky, albánsky

Enregistré dans:
Détails bibliographiques
Auteur principal: Frydrich, Miroslav
Format: Livre
Langue:tchèque
slovaque
russe
polonais
bulgare
serbe
hongrois
roumain
albanais
Publié: Praha Státní pedagogické nakladatelství 1965
Tags: Ajouter un tag
Pas de tags, Soyez le premier à ajouter un tag!

MARC

LEADER 00000nam a2200000 4500
001 c123006
005 20250701083522.9
041 0 |a cze 
041 0 |a slo 
041 0 |a rus 
041 0 |a pol 
041 0 |a bul 
041 0 |a srp 
041 0 |a hun 
041 0 |a rum 
041 0 |a alb 
044 |a CZ 
245 1 0 |a Mluvíme česky, slovensky, rusky, polsky, bulharsky, srbochorvátsky, maďarsky, rumunsky, albánsky  |c Miroslav Frydrich 
264 1 |a Praha  |b Státní pedagogické nakladatelství  |c 1965 
300 |a 694 s. 
100 1 |a Frydrich, Miroslav